000 00600nam a2200265Ia 4500
005 20260306163905.0
008 008 260114s9999 xx 000 0 eng d
020 _a9781447304005
037 _aEBOOK
040 _aCRL
040 _beng
040 _cCRL
041 _2eng
041 _aeng
084 _qCRL
100 _aBradshaw
245 4 _aThe Well-being Of Children In The Uk
260 _bThe Policy Press
260 _c2012
650 _aSocial Work
856 _uhttps://academic.oup.com/book/22411
942 _cEBOOK
999 _c1711903
_d1711903